Quizzes
Events
Quiz Creation
Community
Videos
Private Events
Remove Ads
Sign In
Join for FREE
Feedback
Dark Mode
Quiz Categories
Sports
Geography
Music
Movies
Television
Just For Fun
Miscellaneous
History
Literature
Language
Science
Gaming
Entertainment
Religion
Holiday
For Kids
Quiz Lab
Recent
Popular Today
Quiz Kudos Today
Editor Picks
Curator Picks
Quizzes by...
Day
Popularity
Type
Ratings
Length
Year
Community
Subscriptions
Recent Discussions
Orange Saloon
Badges
Playlists
Quests
Create
Leaderboards
Showdown
Live 5
Trivia Bingo
Activity
Puzzle Library
Sporcle Events
Private Events
Virtual Trivia
Globe League
Become a Host
Pub Owners
SporcleCon
Opinionation
Our Games
Videos
Blog
Mobile Apps
Partnerships
Remove Ads and Go Orange
Feedback
Movies
Disney
Marvel Cinematic Universe
Movie Resume
Movie Titles
Oscar
Actor
Actress
Director
Pixar
Role
Movie Quotes
Movie Characters
Box Office
Nominee
Best Picture
Star Wars
James Bond
Horror Movies
Movies
Disney
Marvel Cinematic Universe
Movie Resume
Movie Titles
Oscar
Actor
Actress
Director
Pixar
Role
Movie Quotes
Movie Characters
Box Office
Nominee
Best Picture
Star Wars
James Bond
Horror Movies
Random Quiz
Search Sporcle
×
Curator Pick
Curator Pick
Movies
Movie Characters
Select answers by clicking on text or image buttons
Select answers by clicking on text or image buttons
Clickable
Best Score? Go Orange.
The Ultimate Toy Story Quotes Quiz Stats
Can you click the correct Toy Story characters from the given quote?
By
sassmonger
5m
33 Questions
3,855 Plays
3,855 Plays
3,855 Plays
Comments
Comments
Give Quiz Kudos
Give Quiz Kudos
-
- Ratings
hide this ad
More Info
Forced Order
Answers have to be entered in order
Answers have to be entered in order
Replay
Link that replays current quiz
Next Quiz
Link to next quiz in quiz playlist
You Got
0%
They Got
Avg Score
45%
Avg Friend Score
Upgrade to see
Score Distribution
Jump to the score distribution portion of the page
Score
0/33
Timer
05:00
0
Plays Today
% Correct
Mrs. Potato Head
78%
Andy's Mom
73.7%
Emperor Zurg
72.6%
Woody
62.7%
Lotso
62.3%
Ken
58.4%
Slinky Dog
55.9%
Jessie
54.8%
Mr. Potato Head
54.4%
Utility Belt Buzz
54.3%
Molly
54.1%
Rex
53%
Hannah
52.3%
Sergeant
51.1%
Buzz Lightyear
49.5%
Stinky Pete
48.7%
Trixie
45.6%
% Correct
Aliens
43.8%
Chatter Telephone
40.4%
Hamm
40%
Bo Peep
39.2%
Bonnie
37.2%
Geri the Cleaner
35.1%
Andy
33.3%
Chuckles
32%
Sid
31.9%
Mr. Pricklepants
30.3%
Barbie
30.1%
Wheezy
30%
Buttercup
25.6%
Dolly
24.4%
Lenny
23.7%
Chunk
22.7%
Quiz Playlist
Details
Report
Send in Message
Add To Playlist
More Info:
NOTE: Includes quotes from Toy Story, Toy Story 2, and Toy Story 3
Clickable:
Select answers by clicking on text or image buttons
Forced Order:
Answers have to be entered in order
Last Updated: Feb 16, 2017
Curator Pick in
Pixar
,
Movie Characters
Quiz Scoreboard
CHALLENGE
Sign Up to Join the Scoreboard
Show All
Scores
Hide
Comments
May contain spoilers
Recently Published
College Basketball Coaching Resumes
by pancakes188
Sports
9m
Billboard Blitz: Fleetwood Mac
by CooCooCachoo
Music
15s
Presidents Visiting Landmarks
by Hejman
History
7m
More to Explore
Quiz From the Vault
Featured Blog Post
Where Did the Easter Bunny Come From?
hide this ad
You Might Also Like...
Tags
Disney Quiz
Movie Characters Quiz
Movie Quotes Quiz
Pixar Quiz
Quote Quiz
Character
Disney Films
Toy Story
Toy Story 3
Today's Top Quizzes in Movies
Browse Movies
hide this ad
Today's Top Quizzes in Movie Characters
Browse Movie Characters
Top Contributed Quizzes in Movies
1
Pick 5 Posters: Directed by Spielberg
2
7-to-1: Pixar Characters
3
Pick 5 Posters: Lowest-Rated Spielberg
4
Sorting Actors
5
Pick 5 Posters: Directed by Scorsese
6
Sorting Actresses
7
Pick 5 Posters: Star & Director
8
Pick 5 Posters: Women Directed 2020s
9
12 Movies about Fictional 1960s Events
10
Multi-Oscar Nominations, One Movie, One Winner
Explore More
Trending Topics
Anime
Harry Potter
Kpop
NBA
Marvel
Crossword
Disney
Country
Song
WWE
NFL
Pokémon
The Office
Soccer
Puzzle
hide this ad
More By:
sassmonger
Quiz
Plays
Rating
Category
Featured
Created
Disney Animated Movies by GIF
60,927
4.53
Movies
Dec 8, 2013
Harry Potter Characters by Quote (Clickable)
7,857
4.87
Literature
Oct 23, 2013
Follow That Line: Toy Story
5,267
4.78
Movies
Dec 24, 2013
Catholic Mass Responses
5,146
4.79
Religion
Dec 4, 2013
The Ultimate Toy Story Quotes Quiz
3,855
4.62
Movies
Dec 16, 2013
Go to Creator's Profile
Score Distribution
Quiz Creator Spotlight
sassmonger
Follow
Send a Message
Quizzes Created
-
Created Quiz Play Count
-
More By This Creator
Popular Quizzes Today
1
Find the US States - No Outlines Minefield
2
Find the Countries of Europe - No Outlines Minefield
3
The Countries of the World
4
Find the US States
5
Risky Map Clicking: Biggest States A-Z
6
US States
7
Popular People in 1961
8
Movies - When Are They Set?
More Movies Quizzes
50 Actors in 1985 Movie Posters
Quiz Lab
Trending Quizzes
Risky Map Clicking: Least Populous States A-Z
1-10 Letter G Words
1-10 Letter F Words
Risky Map Clicking: Next State Alphabetically
Risky Map Clicking: Biggest States A-Z
Recently Updated
Leaping Animals
pecheneg
Reality TV Shows (A-Z)
bhenderson79
Rickey Henderson's Hall of Fame Teammates
pecheneg
Champions League XIs: Arsenal
pecheneg
Quick Pick: Celebrities in WWE's Hall of Fame
aduchscher
A-Z Keypad Blitz II
pecheneg
Multiple Oscar Actors
pecheneg
Mystery Phrase Blitz: Oscar 'Best Actors'
pecheneg
F. Scott Fitzgerald Novels
LTH
Pick 3 Villains
ddd62291
Trending Topics
Anime
NBA
Crossword
Disney
Kpop
Harry Potter
Marvel
Country
WWE
NFL
Pokémon
Song
Puzzle
The Office
Soccer
Your Account Isn't Verified!
In order to create a playlist on Sporcle, you need to verify the email address you used during registration. Go to your
Sporcle Settings
to finish the process.
Report this User
Report this user for behavior that violates our
Community Guidelines
.
Details:
Send Report
Go to the Sporcle.com Mobile Site →
Comments